| 000 | 00901cam a22002174a 4500 | ||
|---|---|---|---|
| 005 | 20250605163934.0 | ||
| 008 | 250528s ||||||||||||||||||||||||d | ||
| 035 | _a14792 | ||
| 020 | _a803983247 | ||
| 040 |
_aGR-AtMCL _bgre _dGR-AtMCL _eAACR2 |
||
| 245 | 1 | _aGlobalization, Knowledge and Society / Readings from International Sociology | |
| 250 | _a1st | ||
| 260 |
_bSage Publications, _c1990 |
||
| 300 | _a280 | ||
| 520 | _aThis book addresses key questions for all those interested either in the nature of contemporary social change or in the challenge to sociology and other disciplines posed by such change. Foreword, Introduction, Towards a Universal Social Science, Internationalizing Sociology, Creating Indigenous Sociologies, One World Society, Word Movements. | ||
| 700 | 1 |
_aAlbrow Martin _9553 |
|
| 700 | 1 |
_aKing Elizabeth _9554 |
|
| 942 | _cBK | ||
| 999 |
_c410 _d410 |
||